KULYAT-E-SAHIR (Record no. 571966)

000 -LEADER
fixed length control field 00264nam a22001217a 4500
020 ## - INTERNATIONAL STANDARD BOOK NUMBER
International Standard Book Number 365253
082 ## - DEWEY DECIMAL CLASSIFICATION NUMBER
Classification number 891.4391 SAH
100 ## - MAIN ENTRY--PERSONAL NAME
Personal name SAHIR LUDHYANVI
9 (RLIN) 63017
245 ## - TITLE STATEMENT
Title KULYAT-E-SAHIR
260 ## - PUBLICATION, DISTRIBUTION, ETC.
Place of publication, distribution, etc. LAHORE
Name of publisher, distributor, etc. DUA PUBLISHERS
Date of publication, distribution, etc. 2009
300 ## - PHYSICAL DESCRIPTION
Extent 519P
942 ## - ADDED ENTRY ELEMENTS (KOHA)
Koha item type Book
Holdings
Withdrawn status Lost status Damaged status Not for loan Permanent Location Current Location Shelving location Date acquired Total Checkouts Full call number Barcode Date last seen Price effective from Koha item type
        College of Electrical & Mechanical Engineering (CEME) College of Electrical & Mechanical Engineering (CEME) General Stacks 07/25/2017   891.4391 SAH CEME45597 06/28/2021 06/28/2021 Book
© 2023 Central Library, National University of Sciences and Technology. All Rights Reserved.